00849nam a2200241Ia 450000100060000000300090000600800410001504000130005604000130006904100130008210000170009510000290011224500550014124500470019625000110024326000120025426000100026626000490027630000580032550001690038365000240055265000310057698053IT-RoPAU130308s9999 xx 000 0 und d aIT-RoPAU cIT-RoPAU aITALIANO aSpaltro Enzo gCodice Aut. SPICS: 27160 aDimensione micro (La): dinamica dei piccoli gruppi bElementi di Psicologia dell'Organizzazione a1a ed. aBOLOGNA bClueb c1978 [1° Ed.:1978 - Ed.Ling.Originale:1978] a"50 p. (prefazione: no ; testo: 50 [pagine: 71-120])" aDiscorso dei Gruppi. teorie Ideologie o Scienze. Piccolo Gruppo. gruppo sicurezza e Colpevolezza. Fenomeni e Difese di Gruppo. Dinamica di Gruppo. Dimensione Micro. aSAGGI DI PSICOLOGIA eCodice materia Spics: 3607